Strzelcy na MŚ 1974 - Statystyki

Ogólne statystyki
  • Ten quiz został rozwiązany 8 razy
  • Średni wynik to 6 z 16
Statystyki odpowiedzi
Narodowość Klub # Nazwisko % Poprawnych
Polska Stal Mielec 7 Grzegorz Lato
100%
Niemcy (RFN) Bayern Monachium 4 Gerd Müller
88%
Holandia Ajax 5 Johan Neeskens
50%
Australia nikt nie strzelił 0 Australia
38%
DR Konga (Zair) nikt nie strzelił 0 DR Konga (Zair)
38%
Szkocja Leeds United 2 Joe Jordan
38%
Włochy Juventus/AC Milan 1 Pietro Anastasi/Romeo Benetti/Fabio Capello/Gianni Rivera
38%
Brazylia Corinthians 3 Rivellino
38%
Jugosławia FK Velež Mostar 3 Dušan Bajević
25%
Haiti Don Bosco FC 2 Emmanuel Sanon
25%
Bułgaria Łokomotiw Płowdiw 1 Hristo Bonev
25%
Niemcy (NRD) Hansa Rostock 2 Joachim Streich
25%
Szwecja PSV Eindhoven 4 Ralf Edström
25%
Argentyna Huracán 3 René Houseman
13%
Urugwaj Independiente 1 Ricardo Pavoni
13%
Chile Colo-Colo 1 Sergio Ahumada
13%
Nie znaleziono quizów pasujących do podanych kryteriów
Rozkład punktacji
Procent ludzi z każdym wynikiem
Percentyl według liczby udzielonych odpowiedzi
Twoja historia wyników
Nie rozwiązałeś tego quizu